[Event "Greek Team Championship"]
[Site "chess24.com"]
[Date "2017.07.07"]
[Round "6"]
[White "Tzagarakis, Panagiotis"]
[Black "Magoulas, Dionysios"]
[Result "1-0"]
[Board "10"]
[WhiteElo "1608"]
[WhiteCountry "GRE"]
[WhiteFideId "25806009"]
[WhiteEloChange "2"]
[BlackElo "1161"]
[BlackCountry "GRE"]
[BlackFideId "25805878"]
[BlackEloChange "-2"]

1. e4 {[%clk 1:30:30]} e5 {[%clk 1:30:54]} 2. Nf3 {[%clk 1:31:22]} Nf6 {[%clk
1:31:20]} 3. d4 {[%clk 1:30:57]} Nxe4 {[%clk 1:31:35]} 4. dxe5 {[%clk 1:31:17]}
d5 {[%clk 1:20:15]} 5. Nbd2 {[%clk 1:25:42]} Nc6 {[%clk 1:18:27]} 6. Bb5 {[%clk
1:18:18]} Bg4 {[%clk 1:09:08]} 7. Qe2 {[%clk 1:11:44]} Nxd2 {[%clk 1:06:22]} 8.
Bxd2 {[%clk 1:11:31]} Bc5 {[%clk 1:04:19]} 9. h3 {[%clk 1:06:24]} Bh5 {[%clk
0:59:40]} 10. g4 {[%clk 1:01:05]} Bg6 {[%clk 0:59:12]} 11. Bg5 {[%clk 0:59:46]}
Be7 {[%clk 0:57:36]} 12. Be3 {[%clk 0:59:19]} Qd7 {[%clk 0:53:53]} 13. O-O-O
{[%clk 0:56:48]} a6 {[%clk 0:51:11]} 14. Ba4 {[%clk 0:56:02]} Be4 {[%clk
0:47:47]} 15. Rhe1 {[%clk 0:54:41]} Bxf3 {[%clk 0:44:27]} 16. Qxf3 {[%clk
0:54:31]} O-O-O {[%clk 0:26:00]} 17. Qxf7 {[%clk 0:50:11]} Bb4 {[%clk 0:23:59]}
18. Qxd7+ {[%clk 0:48:39]} Rxd7 {[%clk 0:24:17]} 19. c3 {[%clk 0:48:43]} Be7
{[%clk 0:20:45]} 20. f4 {[%clk 0:48:50]} g6 {[%clk 0:19:39]} 21. Bb3 {[%clk
0:48:51]} Rhd8 {[%clk 0:18:42]} 22. e6 {[%clk 0:49:05]} Rd6 {[%clk 0:16:25]} 23.
Bc5 {[%clk 0:49:26]} Rxe6 {[%clk 0:13:25]} 24. Rxe6 {[%clk 0:49:41]} Bxc5 {[%clk
0:13:48]} 25. Bxd5 {[%clk 0:49:32]} Bd6 {[%clk 0:11:22]} 26. Bxc6 {[%clk
0:48:56]} bxc6 {[%clk 0:10:48]} 27. f5 {[%clk 0:48:21]} gxf5 {[%clk 0:10:07]} 28.
gxf5 {[%clk 0:48:49]} Rf8 {[%clk 0:09:05]} 29. f6 {[%clk 0:48:01]} Kd7 {[%clk
0:08:35]} 30. Rde1 {[%clk 0:47:56]} Bf4+ {[%clk 0:07:32]} 31. Kc2 {[%clk
0:47:53]} Bd6 {[%clk 0:07:01]} 32. b4 {[%clk 0:44:58]} h5 {[%clk 0:05:05]} 33.
Kb3 {[%clk 0:44:54]} c5 {[%clk 0:03:41]} 34. bxc5 {[%clk 0:43:21]} Bxc5 {[%clk
0:04:01]} 35. Rxa6 {[%clk 0:42:58]} Bb6 {[%clk 0:03:51]} 36. a4 {[%clk 0:42:27]}
Bc5 {[%clk 0:01:02]} 37. Ra5 {[%clk 0:41:47]} Bd6 {[%clk 0:00:49]} 38. Rf1 {[%clk
0:41:02]} h4 {[%clk 0:01:03]} 39. Rh5 {[%clk 0:40:47]} Bg3 {[%clk 0:00:59]} 40.
f7 {[%clk 1:10:51]} Ke7 {[%clk 0:30:39]} 41. Rg5 {[%clk 1:11:08]} Rxf7 {[%clk
0:30:30]} 42. Rxf7+ {[%clk 1:11:23]} Kxf7 {[%clk 0:30:47]} 43. a5 {[%clk
1:11:39]} Ke6 {[%clk 0:29:46]} 44. a6 {[%clk 1:11:57]} Bf2 {[%clk 0:30:05]} 45.
Rh5 {[%clk 1:12:08]} Ke7 {[%clk 0:24:39]} 46. Rxh4 {[%clk 1:12:24]} Bb6 {[%clk
0:24:05]} 47. Ra4 {[%clk 1:12:39]} Ba7 {[%clk 0:24:19]} 48. h4 {[%clk 1:12:52]}
Kf6 {[%clk 0:23:41]} 49. Rb4 {[%clk 1:13:05]} Bb6 {[%clk 0:23:57]} 50. Rxb6+
{[%clk 1:13:30]} cxb6 {[%clk 0:24:00]} 51. a7 {[%clk 1:13:56]} Kg6 {[%clk
0:23:59]} 52. a8Q {[%clk 1:14:20]} Kh5 {[%clk 0:24:18]} 53. Qd8 {[%clk 1:14:46]}
b5 {[%clk 0:24:28]} 54. Qg5# {[%clk 1:15:13]} 1-0

[Event "Greek Team Championship"]
[Site "chess24.com"]
[Date "2017.07.07"]
[Round "6"]
[White "Nikolov, Momchil"]
[Black "Mastrovasilis, Dimitrios"]
[Result "1/2-1/2"]
[Board "1"]
[WhiteElo "2567"]
[WhiteTitle "GM"]
[WhiteCountry "BUL"]
[WhiteFideId "2905710"]
[BlackElo "2580"]
[BlackTitle "GM"]
[BlackCountry "GRE"]
[BlackFideId "4202694"]

1. d4 {[%clk 1:30:34]} d5 {[%clk 1:30:51]} 2. Nf3 {[%clk 1:30:47]} Nf6 {[%clk
1:31:12]} 3. c4 {[%clk 1:30:56]} e6 {[%clk 1:31:33]} 4. g3 {[%clk 1:31:17]} dxc4
{[%clk 1:31:55]} 5. Bg2 {[%clk 1:31:32]} a6 {[%clk 1:32:11]} 6. O-O {[%clk
1:24:30]} b5 {[%clk 1:32:10]} 7. Ne5 {[%clk 1:23:11]} Nd5 {[%clk 1:32:09]} 8. a4
{[%clk 1:18:03]} Bb7 {[%clk 1:32:14]} 9. b3 {[%clk 1:17:47]} c3 {[%clk 1:32:02]}
10. axb5 {[%clk 0:59:05]} axb5 {[%clk 1:32:01]} 11. Rxa8 {[%clk 0:59:23]} Bxa8
{[%clk 1:32:26]} 12. e4 {[%clk 0:46:26]} b4 {[%clk 1:31:58]} 13. exd5 {[%clk
0:44:00]} Bxd5 {[%clk 1:32:20]} 14. Be3 {[%clk 0:41:31]} Be7 {[%clk 1:22:48]} 15.
Qc2 {[%clk 0:36:24]} Bxg2 {[%clk 1:01:21]} 16. Kxg2 {[%clk 0:36:46]} Qd5+ {[%clk
1:01:19]} 17. Kg1 {[%clk 0:36:50]} Nd7 {[%clk 0:56:59]} 18. Nxc3 {[%clk 0:30:49]}
bxc3 {[%clk 0:57:07]} 19. Qxc3 {[%clk 0:31:01]} Bd6 {[%clk 0:40:45]} 20. Nc6
{[%clk 0:25:30]} Nb6 {[%clk 0:30:22]} 21. Ra1 {[%clk 0:18:41]} O-O {[%clk
0:21:55]} 22. Bf4 {[%clk 0:18:22]} Re8 {[%clk 0:16:50]} 23. Bxd6 {[%clk 0:11:23]}
Qxd6 {[%clk 0:17:03]} 24. Qc5 {[%clk 0:11:07]} Qd7 {[%clk 0:13:45]} 25. Ne5
{[%clk 0:08:06]} Qd8 {[%clk 0:11:36]} 26. Nc6 {[%clk 0:06:54]} Qd7 {[%clk
0:11:29]} 27. b4 {[%clk 0:06:27]} Nd5 {[%clk 0:11:26]} 28. b5 {[%clk 0:06:37]}
Rc8 {[%clk 0:08:25]} 29. Ra7 {[%clk 0:06:04]} h6 {[%clk 0:06:52]} 30. h4 {[%clk
0:04:47]} Qe8 {[%clk 0:06:44]} 31. Ra1 {[%clk 0:03:42]} 1/2-1/2

[Event "Greek Team Championship"]
[Site "chess24.com"]
[Date "2017.07.07"]
[Round "6"]
[White "Mastrovasilis, Athanasios"]
[Black "Markidis, Konstantinos"]
[Result "1/2-1/2"]
[Board "2"]
[WhiteElo "2512"]
[WhiteTitle "GM"]
[WhiteCountry "GRE"]
[WhiteFideId "4201990"]
[WhiteEloChange "-2"]
[BlackElo "2370"]
[BlackCountry "GRE"]
[BlackFideId "4203500"]
[BlackEloChange "4"]

1. Nf3 {[%clk 1:27:21]} Nf6 {[%clk 1:30:25]} 2. c4 {[%clk 1:27:31]} e6 {[%clk
1:30:32]} 3. g3 {[%clk 1:27:36]} d5 {[%clk 1:30:09]} 4. Bg2 {[%clk 1:27:15]} Be7
{[%clk 1:29:58]} 5. O-O {[%clk 1:27:18]} O-O {[%clk 1:30:22]} 6. d4 {[%clk
1:27:41]} dxc4 {[%clk 1:30:25]} 7. Na3 {[%clk 1:28:04]} Bxa3 {[%clk 1:29:14]} 8.
bxa3 {[%clk 1:25:44]} Bd7 {[%clk 1:29:23]} 9. Ne5 {[%clk 1:26:00]} Bc6 {[%clk
1:29:41]} 10. Nxc6 {[%clk 1:26:20]} Nxc6 {[%clk 1:30:02]} 11. Bb2 {[%clk
1:26:45]} Nd5 {[%clk 1:18:34]} 12. Rc1 {[%clk 1:23:12]} Nb6 {[%clk 1:17:49]} 13.
e3 {[%clk 1:22:50]} Qd6 {[%clk 1:16:07]} 14. Qc2 {[%clk 1:22:39]} Rad8 {[%clk
1:07:03]} 15. Rfd1 {[%clk 1:11:49]} f5 {[%clk 1:05:37]} 16. Bf1 {[%clk 1:10:44]}
Ne7 {[%clk 1:02:25]} 17. Bxc4 {[%clk 1:02:01]} Nxc4 {[%clk 1:02:29]} 18. Qxc4
{[%clk 1:02:23]} Nd5 {[%clk 1:02:13]} 19. Qb3 {[%clk 1:02:18]} Qb6 {[%clk
0:46:56]} 20. a4 {[%clk 0:57:27]} Qxb3 {[%clk 0:45:07]} 21. axb3 {[%clk 0:57:48]}
c6 {[%clk 0:45:19]} 22. Re1 {[%clk 0:49:25]} Rfe8 {[%clk 0:43:49]} 23. Ba3 {[%clk
0:44:02]} a6 {[%clk 0:41:19]} 24. Kg2 {[%clk 0:39:25]} Nf6 {[%clk 0:39:10]} 25.
Rc5 {[%clk 0:30:42]} Nd5 {[%clk 0:30:40]} 26. Rc4 {[%clk 0:25:38]} Rd7 {[%clk
0:30:28]} 27. Bb2 {[%clk 0:23:14]} Nf6 {[%clk 0:30:02]} 28. Rc5 {[%clk 0:18:53]}
Nd5 {[%clk 0:29:25]} 29. Re2 {[%clk 0:18:22]} Nf6 {[%clk 0:28:02]} 30. f3 {[%clk
0:16:55]} Rf7 {[%clk 0:21:37]} 31. h3 {[%clk 0:16:05]} h5 {[%clk 0:19:47]} 32. e4
{[%clk 0:13:18]} Nd7 {[%clk 0:17:33]} 33. Rcc2 {[%clk 0:12:54]} fxe4 {[%clk
0:17:17]} 34. fxe4 {[%clk 0:13:14]} Rd8 {[%clk 0:17:31]} 35. Rf2 {[%clk 0:09:59]}
Rdf8 {[%clk 0:17:08]} 36. Rxf7 {[%clk 0:08:06]} Rxf7 {[%clk 0:17:36]} 37. Rd2
{[%clk 0:06:56]} Nf6 {[%clk 0:17:29]} 38. Re2 {[%clk 0:07:18]} Nd7 {[%clk
0:17:28]} 39. Ba3 {[%clk 0:06:46]} Nf6 {[%clk 0:16:58]} 40. Bd6 {[%clk 0:36:18]}
Rd7 {[%clk 0:47:07]} 41. Be5 {[%clk 0:36:13]} Kf7 {[%clk 0:47:36]} 42. Kf3 {[%clk
0:34:34]} Kg6 {[%clk 0:42:57]} 43. Ke3 {[%clk 0:33:26]} Rd8 {[%clk 0:41:46]} 44.
Rf2 {[%clk 0:23:57]} Rd7 {[%clk 0:41:38]} 45. Rc2 {[%clk 0:15:31]} Rd8 {[%clk
0:41:57]} 46. b4 {[%clk 0:11:17]} Rd7 {[%clk 0:35:16]} 47. b5 {[%clk 0:09:24]}
axb5 {[%clk 0:34:54]} 48. axb5 {[%clk 0:09:51]} cxb5 {[%clk 0:35:19]} 49. Rb2
{[%clk 0:10:05]} Kf7 {[%clk 0:25:11]} 50. Rxb5 {[%clk 0:10:20]} g5 {[%clk
0:25:32]} 51. Bxf6 {[%clk 0:07:28]} Kxf6 {[%clk 0:25:57]} 52. h4 {[%clk 0:07:51]}
Rg7 {[%clk 0:23:06]} 53. Kf3 {[%clk 0:07:58]} Rg8 {[%clk 0:18:58]} 54. Rb6 {[%clk
0:06:14]} Rg6 {[%clk 0:14:20]} 55. Rxb7 {[%clk 0:06:11]} gxh4 {[%clk 0:14:38]}
56. gxh4 {[%clk 0:05:58]} Rg4 {[%clk 0:14:46]} 57. Rb6 {[%clk 0:02:46]} Ke7
{[%clk 0:15:11]} 58. Rb7+ {[%clk 0:02:38]} Kf6 {[%clk 0:15:36]} 59. e5+ {[%clk
0:02:32]} Kg6 {[%clk 0:15:58]} 60. Ke3 {[%clk 0:02:38]} Rxh4 {[%clk 0:14:47]} 61.
Re7 {[%clk 0:02:58]} Rh3+ {[%clk 0:14:49]} 62. Ke4 {[%clk 0:03:20]} Rh4+ {[%clk
0:15:08]} 63. Ke3 {[%clk 0:03:14]} Rh3+ {[%clk 0:15:28]} 64. Ke4 {[%clk 0:03:40]}
Rh4+ {[%clk 0:15:52]} 65. Kd3 {[%clk 0:03:50]} Rh3+ {[%clk 0:16:17]} 66. Ke4
{[%clk 0:02:24]} Rh4+ {[%clk 0:16:39]} 67. Kd3 {[%clk 0:02:35]} Rh3+ {[%clk
0:17:04]} 1/2-1/2

[Event "Greek Team Championship"]
[Site "chess24.com"]
[Date "2017.07.07"]
[Round "6"]
[White "Dimitrov, Atanas"]
[Black "Georgiadis, Nico"]
[Result "0-1"]
[Board "3"]
[WhiteElo "2291"]
[WhiteTitle "IM"]
[WhiteCountry "GRE"]
[WhiteFideId "2901315"]
[WhiteEloChange "-5"]
[BlackElo "2495"]
[BlackTitle "IM"]
[BlackCountry "SUI"]
[BlackFideId "1300113"]
[BlackEloChange "2"]

1. Nf3 {[%clk 1:30:42]} Nf6 {[%clk 1:29:51]} 2. c4 {[%clk 1:30:24]} b6 {[%clk
1:29:37]} 3. g3 {[%clk 1:30:00]} Bb7 {[%clk 1:29:59]} 4. Bg2 {[%clk 1:30:20]} g6
{[%clk 1:30:15]} 5. b3 {[%clk 1:28:36]} Bg7 {[%clk 1:30:15]} 6. Bb2 {[%clk
1:29:03]} O-O {[%clk 1:29:38]} 7. O-O {[%clk 1:29:07]} c5 {[%clk 1:18:31]} 8. e3
{[%clk 1:20:47]} d5 {[%clk 1:14:28]} 9. cxd5 {[%clk 1:19:45]} Bxd5 {[%clk
1:13:21]} 10. Nc3 {[%clk 1:13:44]} Bb7 {[%clk 1:13:08]} 11. d4 {[%clk 1:11:43]}
Nbd7 {[%clk 1:05:51]} 12. Qe2 {[%clk 1:10:33]} Rc8 {[%clk 0:58:55]} 13. Rfd1
{[%clk 1:04:42]} cxd4 {[%clk 0:57:35]} 14. Nxd4 {[%clk 1:00:45]} Bxg2 {[%clk
0:57:58]} 15. Kxg2 {[%clk 1:01:13]} Qc7 {[%clk 0:55:09]} 16. Rac1 {[%clk
0:59:34]} Qb7+ {[%clk 0:39:26]} 17. Qf3 {[%clk 0:57:27]} Qxf3+ {[%clk 0:39:47]}
18. Kxf3 {[%clk 0:57:35]} a6 {[%clk 0:37:34]} 19. Ba3 {[%clk 0:47:29]} Rfe8
{[%clk 0:35:37]} 20. Na4 {[%clk 0:31:43]} Bf8 {[%clk 0:27:51]} 21. Rxc8 {[%clk
0:23:08]} Rxc8 {[%clk 0:28:14]} 22. Rc1 {[%clk 0:23:32]} Rxc1 {[%clk 0:28:34]}
23. Bxc1 {[%clk 0:24:00]} e5 {[%clk 0:27:36]} 24. Nc6 {[%clk 0:23:51]} e4+ {[%clk
0:27:17]} 25. Ke2 {[%clk 0:23:44]} b5 {[%clk 0:23:27]} 26. Nc3 {[%clk 0:23:32]}
b4 {[%clk 0:23:27]} 27. Na4 {[%clk 0:22:13]} Nd5 {[%clk 0:23:43]} 28. Bd2 {[%clk
0:09:33]} f5 {[%clk 0:23:21]} 29. Nb2 {[%clk 0:09:57]} Bg7 {[%clk 0:14:42]} 30.
Na4 {[%clk 0:09:08]} Bf8 {[%clk 0:14:22]} 31. Nb2 {[%clk 0:09:36]} Kf7 {[%clk
0:13:10]} 32. Nc4 {[%clk 0:09:57]} g5 {[%clk 0:11:44]} 33. h3 {[%clk 0:09:53]} h5
{[%clk 0:12:04]} 34. Nd4 {[%clk 0:07:37]} Kf6 {[%clk 0:11:32]} 35. Nc6 {[%clk
0:07:53]} Bc5 {[%clk 0:10:54]} 36. Ke1 {[%clk 0:05:20]} Ke6 {[%clk 0:06:59]} 37.
Ke2 {[%clk 0:05:37]} Bf8 {[%clk 0:03:29]} 38. Nd8+ {[%clk 0:05:36]} Ke7 {[%clk
0:03:25]} 39. Nc6+ {[%clk 0:06:00]} Kf6 {[%clk 0:03:44]} 40. Ke1 {[%clk 0:35:55]}
Nc5 {[%clk 0:33:24]} 41. Ke2 {[%clk 0:20:57]} Nd3 {[%clk 0:33:22]} 42. Nd4 {[%clk
0:20:49]} Bc5 {[%clk 0:20:03]} 43. Nc2 {[%clk 0:20:52]} f4 {[%clk 0:18:59]} 44.
a3 {[%clk 0:11:50]} f3+ {[%clk 0:18:18]} 45. Kf1 {[%clk 0:12:14]} bxa3 {[%clk
0:17:09]} 46. N2xa3 {[%clk 0:12:15]} g4 {[%clk 0:11:29]} 47. hxg4 {[%clk
0:11:46]} hxg4 {[%clk 0:11:54]} 48. Nb1 {[%clk 0:10:43]} Ke6 {[%clk 0:09:41]} 49.
Nc3 {[%clk 0:10:38]} Nxc3 {[%clk 0:09:35]} 50. Bxc3 {[%clk 0:11:06]} Bb4 {[%clk
0:09:15]} 51. Bxb4 {[%clk 0:10:44]} Nxb4 {[%clk 0:09:39]} 52. Nb2 {[%clk
0:11:01]} Nc2 {[%clk 0:04:24]} 53. Na4 {[%clk 0:11:15]} Kd5 {[%clk 0:04:16]} 54.
Nc3+ {[%clk 0:11:33]} Ke5 {[%clk 0:04:36]} 55. Na4 {[%clk 0:11:36]} Na1 {[%clk
0:00:49]} 56. Nc5 {[%clk 0:11:16]} a5 {[%clk 0:01:17]} 57. Nd7+ {[%clk 0:08:52]}
0-1

[Event "Greek Team Championship"]
[Site "chess24.com"]
[Date "2017.07.07"]
[Round "6"]
[White "Malikentzos, Sotirios"]
[Black "Antonoglou, Christos"]
[Result "1-0"]
[Board "4"]
[WhiteElo "2439"]
[WhiteTitle "FM"]
[WhiteCountry "GRE"]
[WhiteFideId "4215079"]
[WhiteEloChange "1"]
[BlackElo "1896"]
[BlackCountry "GRE"]
[BlackFideId "4296745"]
[BlackEloChange "-2"]

1. Nf3 {[%clk 1:26:30]} d5 {[%clk 1:30:42]} 2. g3 {[%clk 1:26:38]} Nf6 {[%clk
1:30:42]} 3. Bg2 {[%clk 1:27:02]} e6 {[%clk 1:25:37]} 4. O-O {[%clk 1:27:02]} Be7
{[%clk 1:26:01]} 5. c4 {[%clk 1:27:27]} O-O {[%clk 1:26:20]} 6. d4 {[%clk
1:27:51]} Nbd7 {[%clk 1:26:31]} 7. Nc3 {[%clk 1:28:01]} dxc4 {[%clk 1:22:22]} 8.
e4 {[%clk 1:27:53]} c6 {[%clk 1:22:38]} 9. Bf4 {[%clk 1:27:42]} b5 {[%clk
1:20:24]} 10. d5 {[%clk 1:27:42]} exd5 {[%clk 1:13:56]} 11. exd5 {[%clk 1:28:13]}
Nxd5 {[%clk 1:07:22]} 12. Nxd5 {[%clk 1:28:37]} cxd5 {[%clk 1:07:30]} 13. Qxd5
{[%clk 1:29:01]} Nb6 {[%clk 1:07:12]} 14. Qxb5 {[%clk 1:29:24]} Be6 {[%clk
1:06:20]} 15. Ne5 {[%clk 1:25:18]} a6 {[%clk 1:02:27]} 16. Qa5 {[%clk 1:24:25]}
Nd5 {[%clk 0:58:37]} 17. Qxd8 {[%clk 1:24:29]} Rfxd8 {[%clk 0:50:49]} 18. Nc6
{[%clk 1:19:29]} Rd7 {[%clk 0:50:20]} 19. Nxe7+ {[%clk 1:17:29]} Rxe7 {[%clk
0:50:34]} 20. Rfd1 {[%clk 1:14:54]} Rd7 {[%clk 0:50:23]} 21. Be3 {[%clk 0:55:00]}
Rad8 {[%clk 0:47:18]} 22. Bc5 {[%clk 0:54:44]} Rc8 {[%clk 0:40:55]} 23. Ba3
{[%clk 0:53:47]} h6 {[%clk 0:39:32]} 24. Rac1 {[%clk 0:51:11]} Rcc7 {[%clk
0:34:32]} 25. Bf1 {[%clk 0:48:21]} Nb6 {[%clk 0:31:06]} 26. Bd6 {[%clk 0:47:07]}
Rc6 {[%clk 0:29:55]} 27. Be5 {[%clk 0:47:15]} Rxd1 {[%clk 0:27:50]} 28. Rxd1
{[%clk 0:47:40]} f6 {[%clk 0:26:13]} 29. Bg2 {[%clk 0:43:37]} Rc5 {[%clk
0:19:40]} 30. Bd4 {[%clk 0:43:33]} 1-0

[Event "Greek Team Championship"]
[Site "chess24.com"]
[Date "2017.07.07"]
[Round "6"]
[White "Galunova, Tsveta"]
[Black "Zawadzka, Jolanta"]
[Result "0-1"]
[Board "5"]
[WhiteElo "2175"]
[WhiteCountry "BUL"]
[WhiteFideId "2909995"]
[WhiteEloChange "-4"]
[BlackElo "2426"]
[BlackTitle "WGM"]
[BlackCountry "POL"]
[BlackFideId "1122320"]
[BlackEloChange "2"]

1. d4 {[%clk 1:29:33]} d5 {[%clk 1:30:52]} 2. c4 {[%clk 1:29:46]} e6 {[%clk
1:31:15]} 3. Nc3 {[%clk 1:29:48]} Bb4 {[%clk 1:31:36]} 4. a3 {[%clk 1:29:53]}
Bxc3+ {[%clk 1:32:00]} 5. bxc3 {[%clk 1:30:19]} Nf6 {[%clk 1:31:36]} 6. e3 {[%clk
1:30:21]} c6 {[%clk 1:31:44]} 7. a4 {[%clk 1:30:24]} O-O {[%clk 1:31:28]} 8. Nf3
{[%clk 1:30:08]} b6 {[%clk 1:31:37]} 9. cxd5 {[%clk 1:29:47]} exd5 {[%clk
1:31:59]} 10. Qc2 {[%clk 1:20:58]} Re8 {[%clk 1:29:44]} 11. Bd3 {[%clk 1:15:20]}
Ba6 {[%clk 1:23:36]} 12. O-O {[%clk 1:13:55]} Bxd3 {[%clk 1:21:08]} 13. Qxd3
{[%clk 1:14:19]} Nbd7 {[%clk 1:21:32]} 14. c4 {[%clk 1:10:46]} Qc8 {[%clk
1:09:03]} 15. cxd5 {[%clk 1:01:28]} cxd5 {[%clk 1:09:25]} 16. Nd2 {[%clk
1:01:24]} Qb7 {[%clk 1:03:07]} 17. Ba3 {[%clk 1:00:29]} Rac8 {[%clk 1:02:36]} 18.
Rfc1 {[%clk 0:55:32]} h6 {[%clk 1:00:30]} 19. h3 {[%clk 0:55:06]} Rxc1+ {[%clk
0:55:42]} 20. Rxc1 {[%clk 0:43:50]} Rc8 {[%clk 0:42:49]} 21. Rb1 {[%clk 0:43:50]}
Rc6 {[%clk 0:42:49]} 22. a5 {[%clk 0:34:13]} Qc8 {[%clk 0:42:43]} 23. axb6 {[%clk
0:33:21]} axb6 {[%clk 0:43:03]} 24. Be7 {[%clk 0:29:22]} Rc1+ {[%clk 0:39:07]}
25. Rxc1 {[%clk 0:28:56]} Qxc1+ {[%clk 0:39:35]} 26. Kh2 {[%clk 0:28:52]} b5
{[%clk 0:37:06]} 27. Bb4 {[%clk 0:28:52]} Qc6 {[%clk 0:37:06]} 28. f3 {[%clk
0:24:07]} Nb6 {[%clk 0:30:14]} 29. Bc5 {[%clk 0:17:02]} Nc4 {[%clk 0:28:03]} 30.
Qc3 {[%clk 0:16:15]} Nd7 {[%clk 0:26:06]} 31. Nb3 {[%clk 0:12:50]} Qe6 {[%clk
0:21:14]} 32. Qb4 {[%clk 0:11:49]} Qxe3 {[%clk 0:20:29]} 33. Qxb5 {[%clk
0:10:58]} Nxc5 {[%clk 0:16:05]} 34. dxc5 {[%clk 0:09:22]} Qe5+ {[%clk 0:16:31]}
35. Kg1 {[%clk 0:08:16]} Qe1+ {[%clk 0:16:56]} 36. Kh2 {[%clk 0:08:43]} Ne3
{[%clk 0:16:24]} 37. Nd4 {[%clk 0:00:36]} Qf2 {[%clk 0:15:58]} 38. Qb8+ {[%clk
0:00:36]} Kh7 {[%clk 0:16:22]} 39. Qb1+ {[%clk 0:00:42]} f5 {[%clk 0:12:04]} 40.
Qg1 {[%clk 0:30:58]} Qd2 {[%clk 0:41:18]} 41. Ne6 {[%clk 0:28:23]} Qc3 {[%clk
0:29:24]} 42. f4 {[%clk 0:23:35]} d4 {[%clk 0:27:30]} 43. c6 {[%clk 0:18:36]} Qc4
{[%clk 0:24:58]} 44. Nf8+ {[%clk 0:18:14]} Kg8 {[%clk 0:24:41]} 45. Ng6 {[%clk
0:18:28]} Qc2 {[%clk 0:21:38]} 46. Ne5 {[%clk 0:17:50]} Kh7 {[%clk 0:21:30]} 47.
Nf3 {[%clk 0:10:41]} Qe4 {[%clk 0:21:12]} 48. Kg3 {[%clk 0:09:04]} g5 {[%clk
0:09:27]} 49. fxg5 {[%clk 0:08:18]} Qxc6 {[%clk 0:09:53]} 50. Nxd4 {[%clk
0:05:03]} Qd6+ {[%clk 0:03:24]} 51. Kf3 {[%clk 0:05:22]} Nc4 {[%clk 0:03:10]} 52.
gxh6 {[%clk 0:04:04]} Qd5+ {[%clk 0:03:21]} 53. Kf4 {[%clk 0:01:59]} Qe5+ {[%clk
0:03:39]} 54. Kg5 {[%clk 0:02:13]} Ne3 {[%clk 0:01:55]} 55. Nf3 {[%clk 0:00:32]}
Qg3+ {[%clk 0:01:43]} 56. Kf6 {[%clk 0:00:33]} Qd6+ {[%clk 0:02:03]} 57. Kf7
{[%clk 0:00:58]} Nd5 {[%clk 0:01:25]} 58. Qe1 {[%clk 0:00:37]} Qg6+ {[%clk
0:01:40]} 59. Kf8 {[%clk 0:00:35]} Qg8# {[%clk 0:02:05]} 0-1

[Event "Greek Team Championship"]
[Site "chess24.com"]
[Date "2017.07.07"]
[Round "6"]
[White "Pasoglou, Ekaterini"]
[Black "Liapi Zenebisi, Irini"]
[Result "1-0"]
[Board "6"]
[WhiteElo "1885"]
[WhiteCountry "GRE"]
[WhiteFideId "4247663"]
[WhiteEloChange "7"]
[BlackElo "1791"]
[BlackCountry "GRE"]
[BlackFideId "4234120"]
[BlackEloChange "-7"]

1. e4 {[%clk 1:29:20]} d5 {[%clk 1:30:56]} 2. exd5 {[%clk 1:29:43]} Qxd5 {[%clk
1:31:23]} 3. Nc3 {[%clk 1:30:05]} Qd6 {[%clk 1:31:49]} 4. d4 {[%clk 1:28:43]} Nf6
{[%clk 1:32:02]} 5. Bc4 {[%clk 1:28:07]} a6 {[%clk 1:32:27]} 6. Nf3 {[%clk
1:28:19]} b5 {[%clk 1:31:46]} 7. Bb3 {[%clk 1:28:30]} Bb7 {[%clk 1:32:12]} 8. O-O
{[%clk 1:28:14]} e6 {[%clk 1:32:30]} 9. Re1 {[%clk 1:28:02]} c5 {[%clk 1:32:51]}
10. dxc5 {[%clk 1:26:48]} Qxd1 {[%clk 1:33:16]} 11. Rxd1 {[%clk 1:26:01]} Bxc5
{[%clk 1:33:42]} 12. h3 {[%clk 1:16:21]} Nc6 {[%clk 1:27:26]} 13. a3 {[%clk
1:11:06]} h6 {[%clk 1:15:21]} 14. Ba2 {[%clk 1:04:00]} Ke7 {[%clk 1:15:15]} 15.
Bf4 {[%clk 1:02:35]} Rhd8 {[%clk 1:15:07]} 16. Kf1 {[%clk 0:56:18]} Nd4 {[%clk
1:10:55]} 17. Nxd4 {[%clk 0:54:57]} Bxd4 {[%clk 1:07:56]} 18. Be3 {[%clk
0:50:21]} Bxe3 {[%clk 1:02:59]} 19. fxe3 {[%clk 0:50:45]} Rac8 {[%clk 1:00:25]}
20. Bb3 {[%clk 0:50:23]} Nh5 {[%clk 0:53:56]} 21. Kf2 {[%clk 0:47:08]} Rc5 {[%clk
0:43:12]} 22. Rxd8 {[%clk 0:45:26]} Kxd8 {[%clk 0:43:38]} 23. Rd1+ {[%clk
0:44:41]} Ke7 {[%clk 0:44:04]} 24. g4 {[%clk 0:44:04]} Nf6 {[%clk 0:44:26]} 25.
Rd4 {[%clk 0:44:00]} e5 {[%clk 0:38:19]} 26. Rd1 {[%clk 0:41:01]} a5 {[%clk
0:35:46]} 27. Kg1 {[%clk 0:34:49]} Bf3 {[%clk 0:16:50]} 28. Rd2 {[%clk 0:28:32]}
h5 {[%clk 0:14:27]} 29. g5 {[%clk 0:27:15]} Nh7 {[%clk 0:14:02]} 30. h4 {[%clk
0:27:02]} f6 {[%clk 0:14:27]} 31. Kf2 {[%clk 0:21:27]} Bb7 {[%clk 0:13:57]} 32.
Bg8 {[%clk 0:19:19]} Nf8 {[%clk 0:13:57]} 33. Bd5 {[%clk 0:17:56]} Bxd5 {[%clk
0:12:47]} 34. Rxd5 {[%clk 0:18:20]} Rxd5 {[%clk 0:12:27]} 35. Nxd5+ {[%clk
0:18:45]} Kd6 {[%clk 0:11:40]} 36. gxf6 {[%clk 0:18:47]} g6 {[%clk 0:10:43]} 37.
Nc3 {[%clk 0:18:45]} b4 {[%clk 0:09:59]} 38. axb4 {[%clk 0:18:12]} axb4 {[%clk
0:10:21]} 39. Ne4+ {[%clk 0:16:59]} Ke6 {[%clk 0:06:54]} 40. c3 {[%clk 0:45:12]}
bxc3 {[%clk 0:36:07]} 41. bxc3 {[%clk 0:45:37]} Kd5 {[%clk 0:25:59]} 42. Kf3
{[%clk 0:45:18]} Kc4 {[%clk 0:25:41]} 43. Ng5 {[%clk 0:42:43]} Kxc3 {[%clk
0:24:54]} 44. Ke4 {[%clk 0:42:55]} Nd7 {[%clk 0:25:14]} 45. f7 {[%clk 0:43:15]}
Kc4 {[%clk 0:25:18]} 46. Nh7 {[%clk 0:39:55]} 1-0

[Event "Greek Team Championship"]
[Site "chess24.com"]
[Date "2017.07.07"]
[Round "6"]
[White "Aivazian, Elpida Sofia"]
[Black "Pasoglou, Nikoleta"]
[Result "0-1"]
[Board "7"]
[WhiteElo "1415"]
[WhiteCountry "GRE"]
[WhiteFideId "25821555"]
[WhiteEloChange "-15"]
[BlackElo "1241"]
[BlackCountry "GRE"]
[BlackFideId "4265408"]
[BlackEloChange "15"]

1. e4 {[%clk 1:30:58]} c5 {[%clk 1:29:23]} 2. Nf3 {[%clk 1:31:22]} Nc6 {[%clk
1:29:40]} 3. Bb5 {[%clk 1:31:47]} g6 {[%clk 1:30:01]} 4. O-O {[%clk 1:32:11]} Bg7
{[%clk 1:30:21]} 5. Re1 {[%clk 1:32:33]} Nf6 {[%clk 1:29:54]} 6. c3 {[%clk
1:32:39]} a6 {[%clk 1:28:48]} 7. Bf1 {[%clk 1:32:57]} d5 {[%clk 1:28:48]} 8. e5
{[%clk 1:28:53]} Ng8 {[%clk 1:17:03]} 9. d4 {[%clk 1:28:52]} cxd4 {[%clk
1:16:53]} 10. cxd4 {[%clk 1:29:16]} Bg4 {[%clk 1:16:43]} 11. h3 {[%clk 1:28:43]}
Bxf3 {[%clk 1:15:57]} 12. gxf3 {[%clk 1:28:21]} e6 {[%clk 1:15:13]} 13. b3 {[%clk
1:21:23]} Nge7 {[%clk 1:14:39]} 14. Ba3 {[%clk 1:20:01]} O-O {[%clk 1:14:15]} 15.
Bxe7 {[%clk 1:18:12]} Qxe7 {[%clk 1:13:34]} 16. Qd2 {[%clk 1:09:41]} Qh4 {[%clk
1:12:07]} 17. Rd1 {[%clk 1:05:20]} Nxd4 {[%clk 1:12:07]} 0-1